| 000 | 00925nam a2200229 a 4500 | ||
|---|---|---|---|
| 001 | 000025279 | ||
| 005 | 20200930023658.0 | ||
| 008 | 110214s2006 dr ac 000 0 spa d | ||
| 020 | _a9945160559 | ||
| 040 |
_aDO-SdBNP _bspa _cBNPHU |
||
| 082 |
_a972.9385 _bC389h |
||
| 100 | 1 |
_aCedeño, Livio Mariano, _d1953- _946093 |
|
| 245 | 1 | 0 |
_aHistoria de la provincia La Altagracia / _cLivio Mariano Cedeño. |
| 260 |
_aSanto Domingo : _bEdiciones Higüey, _c2006. _fEditora Búho |
||
| 300 |
_av. ; _c22 cm. |
||
| 651 | 4 |
_aLa Altagracia (República Dominicana{Rpara} _xHistoria Local _951795 |
|
| 651 | 4 |
_aLa Altagracia (República Dominicana{Rpara} _xVida Social Y Costumbres _951796 |
|
| 650 | 4 |
_aGobierno local _zLa Altagracia (República Dominicana{Rpara} _951797 |
|
| 651 | 4 |
_aLa Altagracia (República Dominicana{Rpara} _xPolítica Y Gobierno _951798 |
|
| 650 | 4 |
_aCiudades y pueblos _zRepública Dominicana _9784 |
|
| 049 | _aBNPD | ||
| 999 |
_c24772 _d24772 |
||